Centroamérica, una vez más

Zapisane w:
Opis bibliograficzny
1. autor: Lizano Fait, Eduardo
Format: Texto
Wydane: Tegucigalpa: BCIE
Etykiety: Dodaj etykietę
Nie ma etykietki, Dołącz pierwszą etykiete!

MARC

LEADER 00000 a a2200000 04500
001 12158
003
040
090 |a 142100  
100 |a Lizano Fait, Eduardo  
245 |a Centroamérica, una vez más  
260 |a Tegucigalpa:   |b BCIE  
300 |a 22 p.  
300 |b **no definido**   |b fonodiscos  
999 |c 5223  |d 5223